Biomedical Optical Phase Microscopy and Nanoscopy (Record no. 35929)

MARC details
000 -LEADER
fixed length control field 00785nam a2200205 a 4500
008 - FIXED-LENGTH DATA ELEMENTS--GENERAL INFORMATION
fixed length control field 160511s2013 ||||||||||||||||| || u
020 ## - INTERNATIONAL STANDARD BOOK NUMBER
International Standard Book Number 9780124158719
050 ## - LIBRARY OF CONGRESS CALL NUMBER
Classification number R 857 Bio
100 ## - MAIN ENTRY--PERSONAL NAME
Personal name Shaked, Natan T
245 10 - TITLE STATEMENT
Title Biomedical Optical Phase Microscopy and Nanoscopy
Statement of responsibility, etc. Edited By Natan T. Shaked, Zeev Zalevsky [and] Lisa L. Satterwhite
260 ## - PUBLICATION, DISTRIBUTION, ETC.
Place of publication, distribution, etc. Kidlington:
Name of publisher, distributor, etc. Academic Press
Date of publication, distribution, etc. 2013
300 ## - PHYSICAL DESCRIPTION
Extent xv, 411p.: ill.
350 ## - PRICE (NR) (BK AM CF MU VM SE) [OBSOLETE]
Price 130.00
650 ## - SUBJECT ADDED ENTRY--TOPICAL TERM
Topical term or geographic name entry element OPTICAL DEVICES
650 ## - SUBJECT ADDED ENTRY--TOPICAL TERM
Topical term or geographic name entry element NANOTECHNOLOGY
650 ## - SUBJECT ADDED ENTRY--TOPICAL TERM
Topical term or geographic name entry element BIOMEDICAL ENGINEERING
650 ## - SUBJECT ADDED ENTRY--TOPICAL TERM
Topical term or geographic name entry element MICROSCOPY--METHODS
650 #0 - SUBJECT ADDED ENTRY--TOPICAL TERM
Topical term or geographic name entry element IMAGING SYSTEMS IN MEDICINE
995 ## - RECOMMENDATION 995 [LOCAL, UNIMARC FRANCE]
-- CBU-MAIN LIBRARY (Kitwe)
-- 130.00
-- 1
-- AVAILABLE
-- May 13, 2016
-- Main Library Open Access Collection
Holdings
Withdrawn status Lost status Source of classification or shelving scheme Damaged status Not for loan Home library Current library Shelving location Date acquired Total Checkouts Full call number Barcode Date last seen Price effective from Koha item type
          CBU-MAIN LIBRARY, KITWE. CBU-MAIN LIBRARY, KITWE.   11/30/2022   R 857 Bio 745689 11/30/2022 11/30/2022 MONOGRAPH